000 00379nam a2200157Ia 4500
008 221030s9999 xx 000 0 und d
020 _a8178840359
041 _aEnglish
082 _a105.23
_bBal
100 _aR. Balachandran
245 0 _aPC Software Step By Step 12-IN-1
260 _bCyber Tech Pub
_aNew Delhi
_c2002
300 _a592
650 _aComputers
942 _cBK
999 _c1540
_d1540